| 000 | 00418nam a22001337a 4500 | ||
|---|---|---|---|
| 082 |
_a297.72 _bRIZ _cL30,ii,P98 |
||
| 100 |
_aRizvi,Wajid _937491 |
||
| 245 |
_a رسول اللہ (صلی اللہ علیہ وسلم)میدان جنگ میں _cWajid rizvi. |
||
| 260 |
_aRawalpindi: _bArmy education Press _c1984 |
||
| 300 | _a309 p. | ||
| 526 |
_a0 _b0 _c0 _d297_720000000000000_RIZ |
||
| 650 |
_aMCE _9379 |
||
| 942 |
_2ddc _cBK |
||
| 999 |
_c542357 _d542357 |
||